People in organizations : an introduction to organizational behavior /

Bibliographic Details
Main Author: Mitchell, Terence R.
Other Authors: Larson, James R.
Format: Book
Language:English
Published: New York : McGraw-Hill, [1987]
Edition:3rd ed.
Series:McGraw-Hill series in management.
Subjects:

MARC

Tag First Indicator Second Indicator Subfields
LEADER 00000cam a2200000 a 4500
001 in00000010493
005 20151007051359.0
008 860807s1987 nyua b 00110 eng
010 |a  86020043  
020 |a 0070425345 :  |c $33.95 
035 |a (OCoLC)14133899 
035 |9 AAA2704AM 
040 |a DLC  |c DLC  |d m/c  |d TXA  |d UtOrBLW 
049 |a TXAM  |c [A10759763] 
050 0 0 |a HD31  |b .M478 1987 
082 0 |a 658.3  |2 19 
100 1 |a Mitchell, Terence R. 
245 1 0 |a People in organizations :  |b an introduction to organizational behavior /  |c Terence R. Mitchell, James R. Larson, Jr. 
250 |a 3rd ed. 
264 1 |a New York :  |b McGraw-Hill,  |c [1987] 
264 4 |c ©1987 
300 |a xi, 602 pages :  |b illustrations ;  |c 24 cm. 
336 |a text  |b txt  |2 rdacontent 
337 |a unmediated  |b n  |2 rdamedia 
338 |a volume  |b nc  |2 rdacarrier 
490 1 |a McGraw-Hill series in management 
504 |a Includes bibliographies and indexes. 
650 0 |a Organization. 
650 0 |a Organizational behavior. 
700 1 |a Larson, James R. 
830 0 |a McGraw-Hill series in management. 
999 |a MARS 
999 f f |s 53a86061-8f75-3735-8c3b-300663cd1800  |i adab56a7-1356-3f78-a7b3-62e6ce807be0  |t 0 
952 f f |p ric  |a Texas A&M University  |b Rellis Campus  |c Joint Library Facility  |d Remote Storage  |t 0  |e HD31 .M478 1987  |h Library of Congress classification  |i unmediated -- volume  |m A14810759763 
998 f f |a HD31 .M478 1987  |t 0  |l Remote Storage